| 000 | 00654nam a2200241Ia 4500 | ||
|---|---|---|---|
| 003 | OSt | ||
| 005 | 20221005064201.0 | ||
| 006 | a|||||r|||| 00| 0 | ||
| 007 | ta | ||
| 008 | 221004b |||||||| |||| 00| 0 san d | ||
| 024 | _a2317 | ||
| 037 |
_bGift, 12/02/2013, _cTextual |
||
| 040 |
_aCRL _cCRL _bsan |
||
| 041 |
_2san _asan |
||
| 082 | _aLB, 152Q0 | ||
| 100 |
_aVachaspati Vidya _9603562 |
||
| 245 | 0 | _aChikitasa janam | |
| 260 |
_aLucknow _bSraswati Sodh Sansthan India _c2010 |
||
| 300 |
_a195p. _ccm. |
||
| 650 | _aMEDICINE | ||
| 942 |
_hLB, 152Q0 _cTEXL _2cc |
||
| 999 |
_c972584 _d972584 |
||